Safeguards for the New Constitution (Record no. 170)

MARC details
000 -LEADER
fixed length control field 00663nam a22001697a 4500
008 - FIXED-LENGTH DATA ELEMENTS--GENERAL INFORMATION
fixed length control field 110409t xxu||||| |||| 00| 0 eng d
082 ## - DEWEY DECIMAL CLASSIFICATION NUMBER
Edition number 22
Classification number 342.02 SAF
100 ## - MAIN ENTRY--PERSONAL NAME
Personal name Kakooza, Joseph M.N
9 (RLIN) 487
245 ## - TITLE STATEMENT
Title Safeguards for the New Constitution
Statement of responsibility, etc Editor, Joseph M.N Kakooza
260 ## - PUBLICATION, DISTRIBUTION, ETC. (IMPRINT)
Place of publication, distribution, etc Kampala :
Name of publisher, distributor, etc Foundation for African Development,
Date of publication, distribution, etc 1991.
300 ## - PHYSICAL DESCRIPTION
Extent xlviii,414p. :
Dimensions 22cm
440 ## - SERIES STATEMENT/ADDED ENTRY--TITLE
Title African Develoment Series;
Number of part/section of a work no. 6.
9 (RLIN) 488
500 ## - GENERAL NOTE
General note includes Appendix
650 ## - SUBJECT ADDED ENTRY--TOPICAL TERM
Topical term or geographic name as entry element Constitution
Topical term following geographic name as entry element Kampala
9 (RLIN) 489
942 ## - ADDED ENTRY ELEMENTS (KOHA)
Source of classification or shelving scheme Dewey Decimal Classification
Item type Books
Holdings
Withdrawn status Lost status Source of classification or shelving scheme Damaged status Not for loan Home library Current library Shelving location Date acquired Total Checkouts Full call number Barcode Date last seen Price effective from Koha item type
    Dewey Decimal Classification     Law Development Centre Main Library Law Development Centre Main Library Text Books and Laws 04/09/2011   342.02 SAF 2011/2668 04/09/2011 04/09/2011 Books